Investigación de operaciones

Bibliographic Details
Main Author: Escobar García, Cesar A.
Format: Section = Libro
Language:Undetermined
Spanish
Published: Nicaragua [s.e.] 2013
Subjects:
LEADER 00566nam a2200205Ia 4500
008 240830s9999 xx 000 0 und d
040 |a B-ESTELÍ- RUACS / 658.4034 T128 
041 |a spa 
082 |a 658.4034 T128 
100 1 |a Escobar García, Cesar A. 
245 1 0 |a Investigación de operaciones 
260 |a Nicaragua  |b [s.e.]  |c 2013 
300 |a 350p:il 
650 7 |a ABASTECIMIENTO DE ALIMENTOS 
650 7 |b  ALMACENAMIENTO 
650 7 |c  PLANIFICACION ESTRATEGICA 
650 7 |d  INGENIERÍA DE OPERACIONES. 
942 |c BK  |2 ddc 
991 |a TEXTO 
999 |c 11474